| 000 | 00000nam##2200000za#4500 |
| 001 | 9.573256 |
| 003 | CaOODSP |
| 005 | 20210624183621 |
| 007 | cr ||||||||||| |
| 008 | 150406|2005||||xxc|||||o f|0| 0 eng|d |
| 040 | |aCaOODSP|beng |
| 043 | |an-cn--- |
| 086 | 1 |aBT31-4/58-2005E-PDF |
| 110 | 1 |aCanada. |bTreasury Board. |
| 245 | 10|aOffice of the Chief Electoral Officer, performance report for the period ending March 31, 2005 |h[electronic resource] |
| 246 | 1 |iVariant title : |aElections Canada, Office of the Chief Electoral Officer - performance report for the period ending March 31, 2005 |
| 260 | |aOttawa - Ontario : |bTreasury Board of Canada Secretariat |c[2005]. |
| 300 | |a79p.|bgraphs, organization chart, tables, photographs |
| 490 | 1 |aPerformance report for the period ending March 31, 2005 |
| 590 | |a12-07-Supp|b2012-03-09 |
| 775 | 08|tBureau du directeur général des élections - rapport sur le rendement pour la période se terminant le 31 mars 2005 |w(CaOODSP)9.603465 |
| 776 | 0#|tOffice of the Chief Electoral Officer |w(CaOODSP)9.541864 |
| 776 | 0#|tBureau du directeur général des élections |w(CaOODSP)9.541865 |
| 830 | #0|aPerformance report for the period ending March 31, 2005.|w(CaOODSP)9.506266 |
| 856 | 40|ahttp://publications.gc.ca|qPDF|s828 KB|uhttps://publications.gc.ca/collections/collection_2012/sct-tbs/BT31-4-58-2005-eng.pdf |